| 000 | 00650nam a2200241 a 4500 | ||
|---|---|---|---|
| 001 | 4987204 | ||
| 005 | 20180312091427.0 | ||
| 008 | 850820s1985 nyua c 000 0 eng d | ||
| 010 | _a 98150412 | ||
| 020 | _a089835028X | ||
| 035 | _a(OCoLC)12404415 | ||
| 040 |
_aMBAt _cMBAt _dDLC |
||
| 041 | _aeng | ||
| 042 | _alccopycat | ||
| 080 | _a7 BOR | ||
| 082 | _a7 BOR | ||
| 100 | _a44 | ||
| 101 | _aART | ||
| 245 | 0 | 0 |
_aItalian masters of the sixteenth century / _cedited by Suzanne Boorsch and John Spike. |
| 906 |
_a7 _bcbc _ccopycat _du _encip _f19 _gy-gencatlg |
||
| 942 |
_2ddc _cBK |
||
| 999 |
_c44767 _d44767 |
||